| 000 | 02560nam a22002657a 4500 | ||
|---|---|---|---|
| 001 | 000535 | ||
| 003 | DO-SdBNP | ||
| 005 | 20171110132056.0 | ||
| 007 | 000535 | ||
| 008 | 161010b 2012 sp a ||||| |||| 00| 0 spa d | ||
| 020 | _a9789962040323 | ||
| 040 |
_aBPMSU _bspa _cBPMSU |
||
| 082 | 4 |
_a720.9 _bF175L |
|
| 100 | 1 | _aFajardo, Julio | |
| 245 | 1 | 0 |
_aLa biblia de la arquitectura / _cJulio Fajardo. |
| 260 |
_aBarcelona : _b Lexus , _c2012. |
||
| 300 |
_a591 p. : _b il. ; _c 27 cm. |
||
| 505 | _aUNStudio -- Silja Tillner, Alfred Willinger -- Matija Bevk, Vasa J.Perović -- Emil Urbel -- Julien de Smedt -- Moshe Safdie -- Steven Holl -- Jean Marc Ibos & Myrto Vitart -- Nuno Mateus, José Mateus -- Bregman & Hamann Architects -- Joaquín Torres, Rafael Llamazares -- Bernard Tschumi -- Mario Botta -- John Patkau, Patricia Patkau -- Hefena Casanova, Jesús Hernández -- John Portman -- Andrew Maynard -- Esther Sperber -- Ton Venhoeven -- Naoki Terada -- Giovanni Vaccanni -- Meinhard von Gerkan, Votkin Marg -- Reinald Top, Rein Jansma, Rob Torsing, Moshé Zwarts -- Kengo Kuma -- Lise Anne Couture, Hani Rashid -- Victor F. Trey Trahan -- Jan Olav Jensen, Børre Skodvin -- Caroline Casey, Robert Brown -- Eugene Kohn, William Pedersen -- Dominique Perrault -- MVRDV -- Robert Toland -- Massimiliano Fuksas -- Darrel O'Donoghue, Dave O'Shea -- René van Zuuk -- Royce YC Hong, Grace S. Cheung -- Per Franson, Mattias Wreland -- Konstantinos Labrinopoulos -- Herman Hertzberger -- William Galloway, Koen Klinkers -- Norman Foster -- Jorge Hernández de la Garza -- Kazuyasu Kochi -- Vinko Penezlc, Kresirnlr Rogina -- Kees Christiaanse -- Kraus Mayer, Petra Sattler-Smith -- Paul de Ruiter -- Hitoshi Abe -- Farshid Moussavi, Alejandro Zaera-Polo -- Uwe R. Brückner -- Jean Nouvel -- Francine Houben -- Dietmar Feichtinger -- Thom Mayne -- Wolf D. Prix -- Gurjit Singh Matharoo -- Bolle Tham, Martin Videgard Hansson -- Renzo Piano -- Jaime Varon, Abraham Metta, Alex Metta -- Thomas Herzog -- Gert Wingardh -- Helmut Jahn -- Astrid Klein, Mark Dytham -- Urs Bette -- Daniel Libeskind -- Tristán Diéguez, Axel Fridman -- Robert Konieczny -- Eduardo Souto de Moura -- Senan Abdelqader -- Kimmo Lintuta, Niko Sirota, Mikko Summanen -- Andreas Schmitzer -- Giorgio Bottega, Henning Ehrhardt. | ||
| 650 | 4 |
_aARQUITECTURA MODERNA _ySIGLO XXI |
|
| 650 | 4 |
_aARQUITECTOS _ySIGLO XXI |
|
| 910 | _aValidado. Control de calidad MFF | ||
| 942 |
_2ddc _cBK |
||
| 945 | _aInventariado extranjero / 2017 VM | ||
| 956 |
_2LOPEREZ _310 _620161010 _8BPMSU _a00041 |
||
| 999 |
_c11500 _d11500 |
||